000 00462nam a2200145Ia 4500
008 100122s9999 xx 000 0 und d
082 _b20109
_a823.08
100 _aअग्निहोत्री अ शं
245 _aरहाट गाडगे
260 _bभगवानदास हिरजी प्रकाशन
_c1974
300 _a207
630 _aरहाट गाडगे
730 _aरहाट गाडगे
942 _cBOOK
999 _c408884
_d408881